Statystyki dla Największe rzeki w Polsce

Kliknij tutaj aby rozwiązać quiz!

Ogólne statystyki

  • Ten quiz został rozwiązany 2 537 razy
  • Średni wynik to 8 z 20

Statystyki odpowiedzi

1) km2) kmRzeka% Poprawnych
10471047Wisła
99%
854742Odra
94%
808808Warta
81%
772587Bug
76%
458457San
52%
484448Narew
51%
247247Dunajec
42%
303303Wieprz
42%
391391Noteć
40%
252198Nysa Łużycka
38%
319319Pilica
33%
205205Wisłok
26%
238238Brda
24%
272270Bóbr
23%
198198Wda
15%
249249Wkra
15%
207207Drwęca
14%
264190Łyna
12%
217217Prosna
12%
186186Drawa
9%

Rozkład punktacji

Percentyl według liczby udzielonych odpowiedzi

Procent ludzi z każdym wynikiem

Twoja historia wyników

Nie rozwiązałeś tego quizu